| 000 | 00494nam a2200145Ia 4500 | ||
|---|---|---|---|
| 008 | 210430s9999 xx 000 0 und d | ||
| 020 | _a0521353785 | 9780521353786 | ||
| 082 | _a549.13 N316 P | ||
| 100 | _aNavrotsky, Alexandra. | ||
| 245 |
_aPhysics and chemistry of earth materials / _cNavrotsky, Alexandra. |
||
| 260 |
_a[S.l.] : _bCambridge University Press, _c1994 |
||
| 300 | _a432 p. ; | ||
| 856 | _uhttp://www.amazon.com/exec/obidos/ASIN/0521353785/chopaconline-20 | ||
| 942 |
_cBK _2ddc |
||
| 999 |
_c562543 _d562543 |
||